Encyclopaedia Britannica editor Jeff Wallenfeldt reflects on an inspirational figure from his youth.

EB editor Jeff Wallenfeldt reflects on one figure in his youth, a New York City actor, who demonstrated what it means to have a wealthy life.

Bibliographic Details
Format: Video
Language:English
Language Notes:In English.
Published: Chicago, IL : Encyclopedia Britannica, 2013.
Series:Academic Video Online
Subjects:
Online Access:Connect to this streaming video (Alexander Street Press)

MARC

Tag First Indicator Second Indicator Subfields
LEADER 00000cgm a2200000Mi 4500
001 in00005586821
006 m o c
007 cr |n||||||||a
007 vz |za|z|
008 211006s2013 ilu004 e o vneng d
005 20241201233123.6
035 |a (OCoLC)on1336058066 
040 |a ALSTP  |b eng  |e rda  |c ALSTP  |d OCLCF  |d OCLCO  |d DXU 
019 |a 1373422781  |a 1443968656 
035 |a (OCoLC)1336058066  |z (OCoLC)1373422781  |z (OCoLC)1443968656 
049 |a TXAM 
245 0 0 |a Encyclopaedia Britannica editor Jeff Wallenfeldt reflects on an inspirational figure from his youth. 
264 1 |a Chicago, IL :  |b Encyclopedia Britannica,  |c 2013. 
300 |a 1 online resource (4 minutes) 
306 |a 000338 
336 |a two-dimensional moving image  |b tdi  |2 rdacontent 
337 |a computer  |b c  |2 rdamedia 
337 |a video  |b v  |2 rdamedia 
338 |a online resource  |b cr  |2 rdacarrier 
347 |a video file  |2 rdaft 
490 0 |a Academic Video Online 
500 |a Title from resource description page (viewed June 8, 2022). 
520 |a EB editor Jeff Wallenfeldt reflects on one figure in his youth, a New York City actor, who demonstrated what it means to have a wealthy life. 
546 |a In English. 
600 1 0 |a Wallenfeldt, Jeffrey H. 
650 0 |a Conduct of life  |v Miscellanea. 
650 0 |a Success. 
650 6 |a Morale pratique  |v Miscellanées. 
650 6 |a Succès. 
650 7 |a Conduct of life  |2 fast 
650 7 |a Success  |2 fast 
655 7 |a interviews.  |2 aat 
655 7 |a Educational films  |2 fast 
655 7 |a Interviews  |2 fast 
655 7 |a Short films  |2 fast 
655 7 |a Trivia and miscellanea  |2 fast 
655 7 |a Educational films.  |2 lcgft 
655 7 |a Interviews.  |2 lcgft 
655 7 |a Short films.  |2 lcgft 
655 7 |a Films éducatifs.  |2 rvmgf 
655 7 |a Interviews.  |2 rvmgf 
655 7 |a Courts métrages.  |2 rvmgf 
700 1 |a Wallenfeldt, Jeffrey H.,  |e on-screen presenter. 
710 2 |a Encyclopaedia Britannica, Inc.,  |e publisher. 
856 4 0 |u http://proxy.library.tamu.edu/login?url=https://www.aspresolver.com/aspresolver.asp?MARC;5136448  |z Connect to this streaming video (Alexander Street Press)  |t 0 
955 |a Alexander Street Press subscription streaming video 
994 |a 92  |b TXA 
999 f f |s 5c181b49-5c6b-4bc9-9da2-1e9f28db314e  |i 9a953696-53c2-4147-900b-5531c21108ee  |t 0 
952 f f |a Texas A&M University  |b College Station  |c Electronic Resources  |d Available Online  |t 0  |h Library of Congress classification 
998 f f |t 0  |l Available Online